Postupy boja proti legalizácii príjmov z trestnej činnosti a financovania terorizmu v bankovom podnikaní diplomová práca

Na minha lista:
Detalhes bibliográficos
Autor principal: Baláž, Peter
Autor Corporativo: Národohospodárska fakulta EU. Katedra bankovníctva a medzinárodných financií
Outros Autores: Vovk, Martin, 1976-
Formato: Livro
Idioma:eslovaco
Publicado em: Bratislava 2014
Tags: Adicionar Tag
Sem tags, seja o primeiro a adicionar uma tag!

MARC

LEADER 00000nbm a2200000 4500
001 0187468
005 20170201085928.7
041 0 |a slo 
044 |a SK 
245 1 0 |a Postupy boja proti legalizácii príjmov z trestnej činnosti a financovania terorizmu v bankovom podnikaní  |b diplomová práca  |c Peter Baláž ; školiteľ: Martin Vovk 
264 1 |a Bratislava  |c 2014 
300 |a 62 s. 
100 1 |a Baláž, Peter 
700 1 |a Vovk, Martin, 1976- 
710 2 |a Národohospodárska fakulta EU. Katedra bankovníctva a medzinárodných financií